| 000 | 01178nam a22002777a 4500 | ||
|---|---|---|---|
| 999 |
_c64606 _d64606 |
||
| 005 | 20240530110740.0 | ||
| 008 | 180923s2015 ua a f b 000 0 ara d | ||
| 017 |
_bمصر. دار الكتب _a2015/19767 |
||
| 020 | _a9789774523349 | ||
| 040 |
_aEG-CaGPL _cEG-CaGPL |
||
| 082 | 0 | 4 |
_221 _a215.962 _bق/ح ش |
| 100 | 0 | _aحسام محمد عبدالمعطى | |
| 245 | 1 | 0 |
_aشيخ الجامع الازهر فى العصر العثمانى 945 - 1227 هـ 1538 - 1812 م / _cتأليف حسام محمد عبدالمعطى ؛ مقدمة اسماعيل سراج الدين |
| 250 | _aط.1 | ||
| 260 |
_aالاسكندرية : _bمكتبة الاسكندرية، _c2016 . |
||
| 300 |
_a121 ص. : _bايض ؛ _c24 سم. |
||
| 504 | _aيشتمل على ارجاعات ببليوجرافية | ||
| 650 | 0 | 7 |
_2qrmak _aالجامع الازهر _zمصر |
| 650 | 0 | 7 | _aشيخ الازهر |
| 650 | 0 | 7 |
_aالجامع الازهر _xالجوانب السياسية |
| 650 | 0 | 7 |
_aالجامع الازهر _vتراجم |
| 651 | _2qrmak | ||
| 700 | 0 |
_aاسماعيل سراج الدين _eتقديم |
|
| 942 |
_2ddc _cBK |
||